<?xml version="1.0" encoding="UTF-8"?><?xml-stylesheet type="text/xsl" href="static/style.xsl"?><OAI-PMH xmlns="http://www.openarchives.org/OAI/2.0/" xmlns:xsi="http://www.w3.org/2001/XMLSchema-instance" xsi:schemaLocation="http://www.openarchives.org/OAI/2.0/ http://www.openarchives.org/OAI/2.0/OAI-PMH.xsd"><responseDate>2026-04-13T02:36:41Z</responseDate><request verb="GetRecord" identifier="oai:www.recercat.cat:10459.1/48795" metadataPrefix="marc">https://recercat.cat/oai/request</request><GetRecord><record><header><identifier>oai:recercat.cat:10459.1/48795</identifier><datestamp>2024-12-05T23:10:23Z</datestamp><setSpec>com_2072_3622</setSpec><setSpec>col_2072_478537</setSpec></header><metadata><record xmlns="http://www.loc.gov/MARC21/slim" xmlns:dcterms="http://purl.org/dc/terms/" xmlns:xsi="http://www.w3.org/2001/XMLSchema-instance" xmlns:doc="http://www.lyncode.com/xoai" xsi:schemaLocation="http://www.loc.gov/MARC21/slim http://www.loc.gov/standards/marcxml/schema/MARC21slim.xsd">
   <leader>00925njm 22002777a 4500</leader>
   <datafield ind2=" " ind1=" " tag="042">
      <subfield code="a">dc</subfield>
   </datafield>
   <datafield ind2=" " ind1=" " tag="720">
      <subfield code="a">López Sotillo, Karen</subfield>
      <subfield code="e">author</subfield>
   </datafield>
   <datafield ind2=" " ind1=" " tag="260">
      <subfield code="c">2015-10-08T10:11:49Z</subfield>
   </datafield>
   <datafield ind2=" " ind1=" " tag="260">
      <subfield code="c">2015-10-08T10:11:49Z</subfield>
   </datafield>
   <datafield ind2=" " ind1=" " tag="260">
      <subfield code="c">2015-09</subfield>
   </datafield>
   <datafield ind2=" " ind1=" " tag="520">
      <subfield code="a">En els últims anys, els components bioactius són de gran interès en la indústria alimentària com en la població en general pels seus avantatges per a la salut; no obstant, molt d’ells són difícils d’incorporar en matrius alimentàries al  ser liposolubles. Les nanoemulsions faciliten la incorporació d’aquests components als aliments. &#xd;
Per tant, l’objectiu d’aquest treball és obtenir nanoemulsions amb una base d’oli de nous enriquit amb β-carotè i vitamina E en una fase aquosa d’alginat per la incorporació en diferents matrius alimentàries com la pera, el formatge i el gall d’indi. A més, es pretén analitzar les propietats físico-químiques i la digestibilitat de les nanoemulsions aplicades com a recobriments. També es determinarà la bioaccessibilitat del β-carotè i la vitamina E incorporats a les nanoemulsions. &#xd;
Les nanoemulsions van presentar menor tamany de partícula i major lluminositat enfront l’emulsió convencional però no es van observar  diferències significatives en el potencial zeta i la viscositat. Es va comprovar que el formatge es l’aliment amb major digestibilitat seguit del gall d’indi i la pera. En aliments recoberts, la pera és l’aliment on el β-carotè és més bioaccessible i el gall d’indi va ser el que presentava major bioaccessibilitat de vitamina E. &#xd;
En conclusió, la nanotecnologia ens ha permès obtenir aliments rics en components bioactius com el β-carotè i la vitamina E per gaudir dels seus efectes beneficiosos.</subfield>
   </datafield>
   <datafield ind1="8" ind2=" " tag="024">
      <subfield code="a">http://hdl.handle.net/10459.1/48795</subfield>
   </datafield>
   <datafield tag="653" ind2=" " ind1=" ">
      <subfield code="a">Bioaccessibilitat</subfield>
   </datafield>
   <datafield tag="653" ind2=" " ind1=" ">
      <subfield code="a">Nanoemulsió</subfield>
   </datafield>
   <datafield tag="653" ind2=" " ind1=" ">
      <subfield code="a">β-carotè</subfield>
   </datafield>
   <datafield tag="653" ind2=" " ind1=" ">
      <subfield code="a">Tecnologia dels aliments</subfield>
   </datafield>
   <datafield tag="653" ind2=" " ind1=" ">
      <subfield code="a">Vitamina E</subfield>
   </datafield>
   <datafield tag="653" ind2=" " ind1=" ">
      <subfield code="a">Carotenoides</subfield>
   </datafield>
   <datafield ind2="0" ind1="0" tag="245">
      <subfield code="a">Bioaccessibilitat de nanopartícules lipídiques incorporades en recobriments comestibles sobre matrius alimentàries</subfield>
   </datafield>
</record></metadata></record></GetRecord></OAI-PMH>